| 000 | 01211cam a22003257a 4500 | ||
|---|---|---|---|
| 003 | CHAP | ||
| 005 | 20220329134040.0 | ||
| 008 | 971013s1980 r 00010 d | ||
| 010 | _a14659 | ||
| 011 | _a15631 | ||
| 035 | _a19707 | ||
| 040 | _cCHAP | ||
| 082 |
_a500.18 _bG67 |
||
| 100 | 0 | 0 |
_aGortari, Eli de. _950060 |
| 245 | 1 | 3 | _aLa metodología; una discusión y otros ensayos sobre el método |
| 260 |
_aMéxico, D.F. : _bGrijalbo, _c1980 |
||
| 300 | _a173 p | ||
| 590 |
_aBATCH-UPD _b10 _c20130110 _lUCH01 _h2056 |
||
| 590 |
_aBATCH-UPD _b10 _c20130410 _lUCH01 _h1409 |
||
| 590 |
_aBATCH-UPD _b10 _c20130914 _lUCH01 _h0935 |
||
| 590 |
_aCONVERSION _b10 _c20130109 _lUCH01 _h1309 |
||
| 650 | 1 | 4 |
_aCiencia _xMetodología. _923129 |
| 901 | _aBK | ||
| 942 | _cLIBRO | ||
| 949 |
_a500.18 G67 _bBC _cLIBRO _d33724000435491 _eLIBRO _fc.4 _h65792 _i19707 _si _t560.00 |
||
| 949 |
_a500.18 G67 _bBC _cLIBRO _d33724000435509 _eLIBRO _fc.5 _h65793 _i19707 _si _t560.00 |
||
| 949 |
_a500.18 G67 _bBC _cLIBRO _d33724000435517 _eLIBRO _fc.2 _h58328 _i19707 _si _t560.00 |
||
| 949 |
_a500.18 G67 _bBC _cLIBRO _d33724000443024 _eLIBRO _fc.3 _h65791 _i19707 _si _t560.00 |
||
| 949 |
_a500.18 G67 _bBC _cLIBRO _d33724000443115 _eLIBRO _h58327 _i19707 _si _t560.00 |
||
| 999 |
_c14659 _d14659 |
||